| 000 | 00893nam a2200241 a 4500 | ||
|---|---|---|---|
| 001 | |||
| 003 | DO-SdBNP | ||
| 005 | 20220314132935.0 | ||
| 008 | 110412s2006 dr r 000 0 spa d | ||
| 040 |
_aDO-SdBNP _bspa _cBPMSU |
||
| 082 |
_a347.7293 _bS941d 2006 _222 |
||
| 100 | 1 |
_aSubero Isa, Jorge A. _d1947- |
|
| 245 | 1 | 0 |
_aDiscurso conmemorativo día del Poder Judicial : _baudencia solemne del 7 de enero del 2006 a modo de informe anual / _cJorge A. Subero Isa. |
| 260 |
_aSanto Domingo : _bSuprema Corte de Justicia, _c2006. |
||
| 300 |
_a141 p. ; _c22 cm. |
||
| 590 | _aInventariado, 2022/VM | ||
| 650 | 4 |
_aPoder judicial _zRepública Dominicana _xEnsayos, conferencias, etc. |
|
| 650 | 4 |
_aAdministración de justicia _zRepública Dominicana |
|
| 650 | 4 | _aDiscursos | |
| 651 | 4 |
_aAdministración de justicia penal _xEnsayos, conferencias, etc. |
|
| 910 | _aVMateo V. | ||
| 942 |
_2ddc _cMP |
||
| 999 |
_c14074 _d14074 |
||